Govt. of
Madhya Pradesh

झारखण्‍ड की जनजातीय लोक संस्‍कृति पर्व त्‍योहार एवं देवी देवता (Record no. 64418)

MARC details
000 -LEADER
fixed length control field 00499nam a22000977a 4500
100 ## - MAIN ENTRY--AUTHOR NAME
Personal name सिंह,डॉ. आदित्‍य प्रसाद
245 ## - TITLE STATEMENT
Title झारखण्‍ड की जनजातीय लोक संस्‍कृति पर्व त्‍योहार एवं देवी देवता
260 ## - PUBLICATION, DISTRIBUTION, ETC. (IMPRINT)
Place of publication दिल्‍ली
Name of publisher विकल्‍प प्रकाशन
Year of publication 2016
650 ## - SUBJECT ADDED ENTRY--TOPICAL TERM
Topical Term लोक साहित्‍य
942 ## - ADDED ENTRY ELEMENTS (KOHA)
Koha item type Hindi Books
Holdings
Withdrawn status Lost status Damaged status Not for loan Home library Current library Date acquired Cost, normal purchase price Full call number Accession Number Price effective from Koha item type
        MACL MACL 25/09/2021 200.00 398 CRH033822 25/09/2021 Hindi Books